000 00511nam a2200169Ia 4500
003 GCL
008 140319s9999 xx 000 0 ara d
040 _aGCL /
_cGCL
082 0 4 _aد
_b050
100 1 _aعلى حسن الخربوطلى
245 1 0 _aعبدالمطلب جد الرسول ( اقرا 277 ) /
_cعلى حسن الخربوطلى
300 _a127 ص
490 _aوثائق ونصوص
_v0
650 0 4 _aعبدالمطلب بن هاشم
650 0 4 _aالرجال - تراجم
942 _2ddc
_cCF
999 _c27357
_d27357